000 00255nam a2200097Ia 4500
001 1300548
005 20260420095906.0
008 260420s9999 xx 000 0 und d
245 0 _aBİTKİLER NASIL BÜYÜR?
_cEMMA HELBROUGH
260 _bTÜBİTAK YAYINLARI
999 _c1300548
_d1300548